The Elements of Visual Analysis : (Record no. 608253)

MARC details
000 -LEADER
fixed length control field 00489nam a2200181 a 4500
008 - FIXED-LENGTH DATA ELEMENTS--GENERAL INFORMATION
fixed length control field 260111s2006##################000#0#eng##
020 ## - INTERNATIONAL STANDARD BOOK NUMBER
ISBN 9780321165251
082 04 - DEWEY DECIMAL CLASSIFICATION NUMBER
Classification number 302.23
Item number HEL
100 1# - MAIN ENTRY--AUTHOR NAME
Personal name Helmers, Marguerite H.,
245 10 - TITLE STATEMENT
Title The Elements of Visual Analysis :
260 ## - PUBLICATION, DISTRIBUTION, ETC. (IMPRINT)
Name of publisher Addison-Wesley Longman,
Year of publication 2006.
650 #0 - SUBJECT ADDED ENTRY--TOPICAL TERM
Topical Term Rhetoric.
942 ## - ADDED ENTRY ELEMENTS (KOHA)
Koha item type English Books
Holdings
Withdrawn status Lost status Damaged status Not for loan Home library Current library Shelving location Date acquired Full call number Accession Number Price effective from Koha item type
        Anna Centenary Library Anna Centenary Library 3RD FLOOR, B WING 12.01.2026 302.23 HEL 313795 12.01.2026 English Books

Find us on the map